000 00435nam a2200181Ia 4500
001 2267
005 20260306143829.0
008 260306t2014||||xx |||||||||||||| ||spa||
041 _aESP
082 _a616.8522
_bR75
100 _aRodríguez Goñi, Jesús
_eAUT
245 0 _aTrastorno de pánico y agorafobia
260 _c2014
300 _a195 páginas :
_c22 cm.
650 _aGEN
654 _aCPS
942 _cLIB
_dJUS
_fJUS
_2ddc
_n
999 _c2267
_d2267